|
|
|
|
| LEADER |
01329nam a22003372a 4500 |
| 001 |
000392990 |
| 003 |
CZ BrMZK |
| 005 |
20210507135352.0 |
| 007 |
ta |
| 008 |
020812s1974 xr f |||| 0 cze d |
| 015 |
|
|
|a cnb000463571
|
| 020 |
|
|
|q (brož.)
|
| 035 |
|
|
|a (OCoLC)42116639
|
| 040 |
|
|
|a ABA001
|b cze
|c OLA001
|d ABA001
|d BOA001
|
| 072 |
|
7 |
|a 676
|x Papírenský průmysl
|2 Konspekt
|9 19
|
| 072 |
|
7 |
|a 37.016
|x Učební osnovy. Vyučovací předměty. Učebnice
|2 Konspekt
|9 22
|
| 080 |
|
|
|a 676(075.3)
|
| 100 |
1 |
|
|a Čaněk, Bohuslav,
|d 1910-1982
|7 jk01020976
|4 aut
|
| 245 |
1 |
0 |
|a Technologie papíru pro 2. ročník středních průmyslových škol papírenských /
|c Bohuslav Čaněk
|
| 250 |
|
|
|a 1. vyd.
|
| 260 |
|
|
|a Praha :
|b Státní nakladatelství technické literatury,
|c 1974
|
| 300 |
|
|
|a 235 s.
|
| 504 |
|
|
|a Skrytá bibliografie na zadní desce
|
| 650 |
|
7 |
|a papírenský průmysl
|7 ph123952
|2 czenas
|
| 650 |
|
7 |
|a výroba papíru
|7 ph171333
|2 czenas
|
| 655 |
|
7 |
|a učebnice středních škol
|7 fd133771
|2 czenas
|
| 910 |
|
|
|a BOA001
|b PK-0071.663
|b 2-0722.001
|
| 920 |
|
|
|a 000102040
|
| 990 |
|
|
|a BK
|
| 996 |
6 |
|
|b 2619996402
|c 2-0722.001
|l Sklad H1
|r Sklad / do 24 hodin
|n 3
|h HS212
|w 000392990
|u 000020
|a 1
|e BOA001
|j MZK50
|s P
|
| 996 |
7 |
|
|b 3119816984
|c PK-0071.663
|l MZK
|r Sklad / do 1 hodiny
|n 7
|w 000392990
|u 000010
|a 1
|e BOA001
|j MZK50
|s A
|